Clients célèbres de La Mère Poulard - Mont-Saint-Michel (par image) - Statistiques

Statistiques générales
  • Ce quiz a été pris 16 fois
  • Le résultat moyen est 10 sur 20
Statistiques - réponses
Par images Hint Réponse % Correct
Coureur cycliste Raymond Poulidor
94%
Acteur Jean Marais
81%
Aviateur Charles Lindbergh
69%
Acteur Jean-Pierre Marielle
69%
Actrice Charlotte Rampling
63%
Première dame américaine Eleanor Roosevelt
63%
Chef cuisinier Paul Bocuse
63%
Actrice Anny Duperey
56%
Acteur Jean Rochefort
56%
Chanteur et acteur Maurice Chevalier
56%
Présentateur d'émissions d'histoire Alain Decaux
50%
Coureur cycliste Jacques Anquetil
50%
Dramaturge et cinéaste Marcel Pagnol
50%
Acteur américain Charlton Heston
44%
Roi d'Angleterre Édouard VII
44%
Animatrice de télévision Evelyne Leclercq
44%
Actrice Marie-Christine Barrault
31%
Astronaute Alan Shepard
6%
Acteur Jean-Pierre Aumont
6%
Princesse britannique Lady Patricia Ramsay
0%
Aucun quiz correspondant
Distribution des résultats
% des personnes avec chaque résultat
Percentile par nombre de réponses
Votre historique - résultats
Vous n’avez pas pris ce quiz